Memoria das medalhas e condecorações portuguezas e das estrangeiras com relação a Portugal / (Record no. 154053)
[ view plain ]
| 000 -LEADER | |
|---|---|
| campo de control de longitud fija | 01009nam a22002295i 4500 |
| 001 - NÚMERO DE CONTROL | |
| campo de control | 154053 |
| 003 - IDENTIFICADOR DE NÚMERO DE CONTROL | |
| campo de control | ES-MaACL |
| 005 - FECHA Y HORA DE LA ÚLTIMA TRANSACCIÓN | |
| campo de control | 20250730063136.0 |
| 008 - DATOS DE LONGITUD FIJA--INFORMACIÓN GENERAL | |
| campo de control de longitud fija | 040820s1861 po a |||| | por d |
| 100 1# - ENTRADA PRINCIPAL--NOMBRE DE PERSONA | |
| Nombre de persona | Lopes Fernandes, Manuel Bernardo, |
| Fechas asociadas al nombre | 1797-1870 |
| 9 (RLIN) | 171790 |
| 245 10 - MENCIÓN DEL TÍTULO | |
| Título | Memoria das medalhas e condecorações portuguezas e das estrangeiras com relação a Portugal / |
| Mención de responsabilidad, etc. | por Manuel Bernardo Lopes Fernandes. |
| 260 ## - PUBLICACIÓN, DISTRIBUCIÓN, ETC. | |
| Lugar de publicación, distribución, etc. | Lisboa : |
| Nombre del editor, distribuidor, etc. | [s.n.], |
| Fecha de publicación, distribución, etc. | 1861 ( |
| Fabricante | Typ. da Academia) |
| 300 ## - DESCRIPCIÓN FÍSICA | |
| Extensión | 2 v. (144 p. ; 51 h. de lám.) ; |
| Dimensiones | 27 cm. |
| 530 ## - NOTA DISPONIBLE DE FORMULARIO FÍSICO ADICIONAL | |
| Nota de formato físico adicional disponible | Disponible en formato digital. |
| 599 ## - NOTA A LAS ILUSTRACIONES | |
| NOTA A LAS ILUSTRACIONES | Vol. 2 recoge las láminas de medallas: "Rebello des. e gr., Lith. Belga" |
| 650 #4 - PUNTO DE ACCESO ADICIONAL DE MATERIA--TÉRMINO DE MATERIA | |
| Término de materia o nombre geográfico como elemento de entrada | Medallas- |
| Subdivisión geográfica | Portugal. |
| 9 (RLIN) | 136478 |
| 650 #4 - PUNTO DE ACCESO ADICIONAL DE MATERIA--TÉRMINO DE MATERIA | |
| Término de materia o nombre geográfico como elemento de entrada | Condecoraciones. |
| 9 (RLIN) | 171791 |
| 710 2# - ENTRADA AGREGADA--NOMBRE DE ENTIDAD CORPORATIVA | |
| Nombre de entidad corporativa o nombre de jurisdicción como elemento de entrada | Academia das Ciências de Lisboa. |
| 9 (RLIN) | 1159 |
| 852 4# - LOCALIZACIÓN | |
| Ubicación | ES-MaACL |
| Número de control de estantería | G-6376-77 |
| Nota libre | - Enc. hol., conservando cub. original |
| 856 4# - LOCALIZACIÓN Y ACCESO ELECTRÓNICOS | |
| Identificador Uniforme de Recursos | <a href="https://archive.org/details/memoriadasmedalh00lope ">https://archive.org/details/memoriadasmedalh00lope </a> |
| Nota pública | Internet Archive |
| Estatus retirado | Estado de pérdida | Estado de daño | No para préstamo | Colección | Biblioteca de origen | Biblioteca actual | Ubicación en estantería | Fecha de adquisición | Total de préstamos | Signatura topográfica completa | Código de barras | Visto por última vez | Precio de reemplazo | Tipo de ítem Koha |
|---|---|---|---|---|---|---|---|---|---|---|---|---|---|---|
| Colección digital | Biblioteca del Ateneo de Madrid | Biblioteca del Ateneo de Madrid | Depósito 2 | 17/01/2008 | G-6376-77 | 1161076 | 23/02/2023 | 23/02/2023 | Libro impreso antiguo |
